000 00514nam a2200181 i 4500
001 25378
003 ES-MaACL
005 20230908063133.0
007 t|
008 021226s1920 sp ||||1| spa d
100 1 _aArgente, Baldomero,
_d1877-1965
_922691
245 1 3 _aEl ocaso de un mundo /
_cBaldomero Argente del Castillo.
260 _aMadrid :
_b[s.n.,
_c1920] (
_fJ. Pérez)
300 _a208 p. ;
_c19 cm.
852 _aES-MaACL
_jF-7688
852 _aES-MaACL
_jA-523
999 _c25378
_d25378